[Event "Mittelfrank Regionalliga Sud-Ost 2223"]
[Site "Mittelfranken"]
[Date "2023.02.05"]
[Round "6.8"]
[White "Schultes, Christoph"]
[Black "Limmer, Marco"]
[Result "1-0"]
[WhiteElo "1931"]
[BlackElo "1915"]
[PlyCount "119"]
[EventDate "2022.10.09"]
[EventType "team-tourn"]
[EventRounds "9"]
[EventCountry "GER"]
[SourceTitle "EXT 2024"]
[Source "ChessBase"]
[SourceDate "2023.10.10"]
[SourceVersion "1"]
[SourceVersionDate "2023.10.10"]
[SourceQuality "1"]
[WhiteTeam "Landau Dingolfing"]
[BlackTeam "Tegernsee"]
[WhiteTeamCountry "GER"]
[BlackTeamCountry "GER"]

1. d4 d5 2. Nf3 Nf6 3. c4 e6 4. g3 Be7 5. Bg2 0-0 6. 0-0 b6 7. Ne5 Bb7 8. Nc3 Nbd7 9. Qa4 Nxe5 10. dxe5 Ne8 11. Rd1 c6 12. e4 Nc7 13. exd5 cxd5 14. Qb3 Bc5 15. cxd5 exd5 16. Nxd5 Nxd5 17. Bxd5 Bxd5 18. Rxd5 Qe7 19. Be3 Bxe3 20. Qxe3 Rad8 21. Rxd8 Rxd8 22. Re1 g6 23. Qb3 Qe6 24. Qxe6 fxe6 25. Re2 g5 26. Kg2 Rd3 27. Rc2 Rd7 28. Kf3 Kf7 29. Ke4 Kg6 30. f4 gxf4 31. gxf4 Rd1 32. Rg2+ Kf7 33. Kf3 Rf1+ 34. Rf2 Rg1 35. Rc2 Rf1+ 36. Kg3 Kg6 37. Rc7 Rg1+ 38. Kh3 Kf5 39. Rf7+ Ke4 40. Rxh7 Kxf4 41. Rxa7 Kxe5 42. Rb7 Kf5 43. Rxb6 e5 44. Rb8 e4 45. b4 e3 46. Re8 Kf4 47. b5 Rb1 48. a4 Rb2 49. Rf8+ Ke4 50. Kg3 Kd3 51. Rd8+ Ke2 52. h4 Rb4 53. h5 Rxa4 54. b6 Rb4 55. h6 Rxb6 56. h7 Rg6+ 57. Kf4 Rh6 58. h8Q Rxh8 59. Rxh8 Kd2 60. Kf3 1-0

[Event "Mittelfrank Regionalliga Sud-Ost 2122"]
[Site "Mittelfranken"]
[Date "2022.04.03"]
[Round "7.5"]
[White "Reineke, Malte"]
[Black "Schultes, Christoph"]
[Result "1-0"]
[WhiteElo "1964"]
[BlackElo "1889"]
[PlyCount "83"]
[EventDate "2021.10.24"]
[EventType "team-tourn"]
[EventRounds "9"]
[EventCountry "GER"]
[SourceTitle "EXT 2024"]
[Source "ChessBase"]
[SourceDate "2023.10.10"]
[SourceVersion "1"]
[SourceVersionDate "2023.10.10"]
[SourceQuality "1"]
[WhiteTeam "Ortenburg"]
[BlackTeam "Landau Dingolfing"]
[WhiteTeamCountry "GER"]
[BlackTeamCountry "GER"]

1. e4 c5 2. Nc3 Nc6 3. g3 g6 4. Bg2 Bg7 5. d3 d6 6. f4 e6 7. Nf3 Nge7 8. 0-0 0-0 9. Be3 Rb8 10. Rb1 b6 11. Ne2 d5 12. e5 d4 13. Bf2 f6 14. exf6 Bxf6 15. c4 e5 16. Qd2 Bf5 17. Rbe1 Qc7 18. h3 exf4 19. g4 Bd7 20. Nxf4 Ne5 21. Bg3 Nxf3+ 22. Rxf3 Bg5 23. Rxe7 Bxe7 24. Ne6 Qc8 25. Nxf8 Bxf8 26. Bxb8 Qxb8 27. Qf4 Qe8 28. Rf1 Bg7 29. Bd5+ Kh8 30. Be4 Qe7 31. Kg2 Qe8 32. Qf7 Qc8 33. Rf4 Bh6 34. Qf6+ Bg7 35. Qg5 Qe8 36. h4 Be5 37. Rf3 Bg7 38. h5 Qc8 39. Rf4 Bc6 40. hxg6 Bxe4+ 41. Rxe4 h6 42. Qf5 1-0

[Event "Niederbayern-ch"]
[Site "Ortenburg"]
[Date "2019.04.28"]
[Round "7"]
[White "Schultes, Christoph"]
[Black "Woitylak, Steffen"]
[Result "1-0"]
[WhiteElo "1972"]
[BlackElo "2028"]
[PlyCount "53"]
[EventDate "2019.04.25"]
[EventType "swiss"]
[EventRounds "7"]
[EventCountry "GER"]
[SourceTitle "EXT 2023"]
[Source "ChessBase"]
[SourceDate "2022.10.05"]
[SourceVersion "1"]
[SourceVersionDate "2022.10.05"]
[SourceQuality "1"]

1. d4 d5 2. Nf3 Nf6 3. c4 e6 4. g3 Be7 5. Bg2 0-0 6. 0-0 c6 7. Qc2 Nbd7 8. Nbd2 Qb6 9. b3 c5 10. e3 Re8 11. Bb2 h6 12. Rfd1 Nf8 13. cxd5 Nxd5 14. Nc4 Qc7 15. dxc5 Qxc5 16. Rac1 Nb4 17. Qb1 Qh5 18. Nfe5 f5 19. Nd6 Rd8 20. Bf3 Qh3 21. Nxb7 Rxd1+ 22. Rxd1 Rb8 23. Na5 Rb5 24. Nac6 Bc5 25. Nxb4 Bxb4 26. Nd3 Be7 27. Nf4 1-0

[Event "Arber op 7th"]
[Site "Bodenmais"]
[Date "2018.08.04"]
[Round "8"]
[White "Schultes, Christoph"]
[Black "Fauth, Dietmar"]
[Result "1/2-1/2"]
[WhiteElo "1976"]
[BlackElo "2112"]
[PlyCount "147"]
[EventDate "2018.07.28"]
[EventType "swiss"]
[EventRounds "9"]
[EventCountry "GER"]
[SourceTitle "EXT 2019"]
[Source "ChessBase"]
[SourceDate "2018.10.10"]
[SourceVersion "1"]
[SourceVersionDate "2018.10.10"]
[SourceQuality "1"]

1. d4 Nf6 2. c4 e6 3. g3 d5 4. Nf3 Be7 5. Bg2 0-0 6. 0-0 dxc4 7. Qc2 a6 8. Qxc4 b5 9. Qc2 Bb7 10. Bd2 Be4 11. Qc1 c6 12. a4 b4 13. Be3 Nbd7 14. Nbd2 Bd5 15. Nc4 Rc8 16. Nce5 c5 17. dxc5 Nxc5 18. Bxc5 Rxc5 19. Qe3 Qa5 20. Nd3 Rc7 21. Nd4 Bxg2 22. Kxg2 Qd5+ 23. Nf3 Rfc8 24. Rfc1 h6 25. Rxc7 Rxc7 26. Rc1 Rxc1 27. Qxc1 g5 28. h3 Kg7 29. Nde5 Bd6 30. Qc4 Ne4 31. Qxd5 exd5 32. Nd3 Nc5 33. Nxc5 Bxc5 34. Ne5 Bd6 35. Nd3 f5 36. e3 Kf6 37. Kf3 Ke6 38. b3 Kf6 39. Nc1 Bc5 40. Nd3 Bd6 41. Nc1 h5 42. Nd3 Ke6 43. Ke2 Kf6 44. f4 gxf4 45. Nxf4 Bxf4 46. exf4 Ke6 47. Kd3 Kd6 48. Kd4 a5 49. h4 Kc6 50. Ke5 Kc5 51. Kxf5 Kd4 52. Ke6 Ke4 53. f5 d4 54. f6 d3 55. f7 d2 56. f8Q d1Q 57. Qf5+ Ke3 58. Qe5+ Kd3 59. Qd5+ Kc2 60. Qxa5 Kxb3 61. Qb5 Qg4+ 62. Ke7 Qxg3 63. Qxh5 Kxa4 64. Qe8+ Ka3 65. Qa8+ Kb2 66. Qh1 Qg7+ 67. Ke6 Qh6+ 68. Ke5 Qh5+ 69. Kd4 b3 70. Qg2+ Ka3 71. Qa8+ Kb4 72. Qb7+ Ka3 73. Qa8+ Kb4 74. Qb7+ 1/2-1/2

[Event "Arber op 7th"]
[Site "Bodenmais"]
[Date "2018.08.03"]
[Round "7"]
[White "Zepke, Armin"]
[Black "Schultes, Christoph"]
[Result "1/2-1/2"]
[WhiteElo "2130"]
[BlackElo "1976"]
[PlyCount "21"]
[EventDate "2018.07.28"]
[EventType "swiss"]
[EventRounds "9"]
[EventCountry "GER"]
[SourceTitle "CBM 185 Extra"]
[Source "ChessBase"]
[SourceDate "2018.07.29"]
[SourceVersion "1"]
[SourceVersionDate "2018.07.29"]
[SourceQuality "1"]

1. d4 d5 2. Bf4 Nf6 3. e3 c5 4. c3 Nc6 5. Nf3 Qb6 6. Qb3 c4 7. Qc2 Bf5 8. Qc1 e6 9. Be2 Be7 10. 0-0 h6 11. Nbd2 1/2-1/2

[Event "Niederbayern-ch"]
[Site "Vilshofen"]
[Date "2018.04.06"]
[Round "4"]
[White "Schubert, Josef"]
[Black "Schultes, Christoph"]
[Result "1/2-1/2"]
[WhiteElo "2128"]
[BlackElo "2003"]
[PlyCount "45"]
[EventDate "2018.04.05"]
[EventType "swiss"]
[EventRounds "7"]
[EventCountry "GER"]
[SourceTitle "EXT 2023"]
[Source "ChessBase"]
[SourceDate "2022.10.05"]
[SourceVersion "1"]
[SourceVersionDate "2022.10.05"]
[SourceQuality "1"]

1. b3 d5 2. Bb2 Nf6 3. Nf3 g6 4. e3 Bg7 5. g3 0-0 6. Bg2 c5 7. 0-0 Nc6 8. d3 Re8 9. Ne5 Nxe5 10. Bxe5 Bd7 11. Nd2 Bc6 12. Qe2 Rc8 13. Rad1 Bh6 14. g4 Nd7 15. Bg3 e5 16. e4 d4 17. h4 f6 18. f4 exf4 19. Bxf4 Bxf4 20. Rxf4 Qe7 21. Rdf1 Rf8 22. Bh3 Ne5 23. Qf2 1/2-1/2

[Event "Munich OIS op 37th"]
[Site "Munich"]
[Date "2017.09.30"]
[Round "1"]
[White "Schimpf, Markus"]
[Black "Schultes, Christoph"]
[Result "1-0"]
[WhiteElo "2300"]
[BlackElo "1986"]
[PlyCount "63"]
[EventDate "2017.09.30"]
[EventType "swiss"]
[EventRounds "9"]
[EventCountry "GER"]
[SourceTitle "CBM 181 Extra"]
[Source "ChessBase"]
[SourceDate "2017.12.12"]
[SourceVersion "1"]
[SourceVersionDate "2017.12.12"]
[SourceQuality "1"]

1. d4 d5 2. c4 e6 3. Nc3 Be7 4. Nf3 Nf6 5. Bg5 0-0 6. e3 Nbd7 7. Rc1 c6 8. Qc2 a6 9. cxd5 exd5 10. Bd3 Re8 11. 0-0 Nf8 12. Bf4 Nh5 13. Be5 f6 14. Bg3 Nxg3 15. hxg3 Be6 16. Rfe1 Bf7 17. Bf5 Bb4 18. Qb3 Qa5 19. a3 Bxc3 20. Rxc3 Rab8 21. Rec1 Qb5 22. Nd2 Bg6 23. Bg4 Ne6 24. a4 Qxb3 25. Bxe6+ Rxe6 26. Nxb3 Be8 27. Nc5 Re7 28. Rb3 a5 29. Rb6 Bg6 30. Rc3 Bh5 31. Kf1 Rc7 32. Na6 1-0

[Event "Arber op 6th"]
[Site "Bodenmais"]
[Date "2017.08.06"]
[Round "9"]
[White "Schultes, Christoph"]
[Black "Tuna, Baytun"]
[Result "1-0"]
[WhiteElo "1991"]
[BlackElo "1806"]
[PlyCount "109"]
[EventDate "2017.07.29"]
[EventType "swiss"]
[EventRounds "9"]
[EventCountry "GER"]
[SourceTitle "EXT 2018"]
[Source "ChessBase"]
[SourceDate "2017.10.13"]
[SourceVersion "1"]
[SourceVersionDate "2017.10.13"]
[SourceQuality "1"]

1. d4 d5 2. Nf3 e6 3. c4 c6 4. g3 Nf6 5. Bg2 Bd6 6. 0-0 Nbd7 7. Qc2 0-0 8. Nbd2 e5 9. cxd5 cxd5 10. dxe5 Nxe5 11. Nxe5 Bxe5 12. Nf3 Bd6 13. Nd4 Qc7 14. Qxc7 Bxc7 15. b3 Be5 16. Bb2 Re8 17. e3 Bd7 18. Rac1 Rac8 19. Bf3 a6 20. Rfd1 Rxc1 21. Rxc1 Rc8 22. Rxc8+ Bxc8 23. Kf1 Ne4 24. Be2 Bd7 25. Ke1 f5 26. f3 Nf6 27. Kd2 Kf7 28. Bc3 Be6 29. b4 h5 30. b5 axb5 31. Bxb5 Bc8 32. Bd3 g6 33. Nb5 Bb8 34. Ke2 Bd7 35. Ba5 Ne8 36. a4 Nd6 37. Nxd6+ Bxd6 38. Bb5 Bxb5+ 39. axb5 Bc5 40. Kd3 b6 41. Bc3 Ke6 42. h3 g5 43. g4 hxg4 44. hxg4 fxg4 45. fxg4 Ba3 46. Bd4 Bc5 47. Bxc5 bxc5 48. e4 c4+ 49. Kd4 dxe4 50. Kxe4 c3 51. Kd3 c2 52. Kxc2 Kd5 53. Kd3 Kc5 54. Ke4 Kxb5 55. Kf5 1-0

[Event "Arber op 5th"]
[Site "Bodenmais"]
[Date "2016.08.06"]
[Round "8"]
[White "Jin, Yueheng"]
[Black "Schultes, Christoph"]
[Result "1/2-1/2"]
[WhiteElo "1471"]
[BlackElo "2013"]
[PlyCount "125"]
[EventDate "2016.07.30"]
[EventType "swiss"]
[EventRounds "9"]
[EventCountry "GER"]
[SourceTitle "CBM 173 Extra"]
[Source "ChessBase"]
[SourceDate "2016.08.29"]
[SourceVersion "1"]
[SourceVersionDate "2016.08.29"]
[SourceQuality "1"]

1. d4 d5 2. c4 e6 3. Nf3 Nf6 4. a3 Be7 5. Nc3 0-0 6. e3 b6 7. b4 dxc4 8. Bxc4 Bb7 9. 0-0 Nbd7 10. Bb2 c5 11. bxc5 bxc5 12. dxc5 Nxc5 13. Nd4 Qc8 14. Qe2 Rb8 15. Rab1 e5 16. Nc2 Qc6 17. f3 a6 18. e4 Ncd7 19. Nd5 Qc5+ 20. Nce3 Nxd5 21. Bxd5 Bxd5 22. exd5 Rb3 23. Rbe1 Rfb8 24. Bc1 Bg5 25. Qf2 Bxe3 26. Rxe3 Rxe3 27. Qxe3 Qxd5 28. Qa7 Qc5+ 29. Qxc5 Nxc5 30. Be3 Ne6 31. Rc1 Ra8 32. Rc6 Kf8 33. Bc5+ Ke8 34. Bb4 a5 35. Bc3 Kd7 36. Rb6 f6 37. Rb5 a4 38. Rb7+ Kc6 39. Re7 Kd5 40. Bb4 Ra6 41. Kf2 h5 42. g3 g6 43. Ke3 Nd4 44. Rc7 Rc6 45. Ra7 Nc2+ 46. Kd3 Nxb4+ 47. axb4 f5 48. Ra5+ Ke6 49. Rxa4 Rc1 50. Ra6+ Kd5 51. Rxg6 Rb1 52. h4 Rxb4 53. Rg5 Rb3+ 54. Ke2 Rb2+ 55. Kd3 Rg2 56. Rxh5 Rxg3 57. Rxf5 Rh3 58. h5 Ke6 59. Rf8 Rxh5 60. Ke4 Rh4+ 61. f4 Rxf4+ 62. Rxf4 exf4 63. Kxf4 1/2-1/2

[Event "Arber op 5th"]
[Site "Bodenmais"]
[Date "2016.08.01"]
[Round "3"]
[White "Schultes, Christoph"]
[Black "Fleischer, Frank"]
[Result "0-1"]
[WhiteElo "2013"]
[BlackElo "2205"]
[PlyCount "96"]
[EventDate "2016.07.30"]
[EventType "swiss"]
[EventRounds "9"]
[EventCountry "GER"]
[SourceTitle "CBM 173 Extra"]
[Source "ChessBase"]
[SourceDate "2016.08.29"]
[SourceVersion "1"]
[SourceVersionDate "2016.08.29"]
[SourceQuality "1"]

1. d4 e6 2. c4 f5 3. Nf3 Nf6 4. g3 Be7 5. Bg2 0-0 6. 0-0 d6 7. Nc3 Ne4 8. Qc2 Nxc3 9. Qxc3 a5 10. Bd2 Bf6 11. Rad1 Nc6 12. Be3 Qe7 13. Qc1 e5 14. d5 Nd8 15. c5 Nf7 16. cxd6 cxd6 17. Rd2 Bd7 18. Rc2 Rfc8 19. Bb6 e4 20. Nd2 Qe5 21. Nc4 Qxd5 22. Be3 Qb5 23. b3 Be6 24. Nb6 Rxc2 25. Qxc2 Ra6 26. Na4 Rc6 27. Qd2 Qa6 28. f3 b5 29. Nb2 Bc3 30. Qc2 d5 31. fxe4 fxe4 32. Nd1 Be5 33. Qb1 b4 34. Rf2 Qc8 35. Rf1 Rc2 36. Bb6 Rxe2 37. Nf2 Qc3 38. Ba7 Qc7 39. Qd1 Rxa2 40. Bd4 Qc2 41. Qxc2 Rxc2 42. Bb6 a4 43. bxa4 b3 44. a5 Ra2 45. Nxe4 dxe4 46. Bxe4 Bc4 47. Rc1 Ra1 48. Bb1 b2 0-1

[Event "Arber op 5th"]
[Site "Bodenmais"]
[Date "2016.07.31"]
[Round "2"]
[White "Hausner, Ivan"]
[Black "Schultes, Christoph"]
[Result "1/2-1/2"]
[WhiteElo "2345"]
[BlackElo "2013"]
[PlyCount "51"]
[EventDate "2016.07.30"]
[EventType "swiss"]
[EventRounds "9"]
[EventCountry "GER"]
[SourceTitle "CBM 173 Extra"]
[Source "ChessBase"]
[SourceDate "2016.08.29"]
[SourceVersion "1"]
[SourceVersionDate "2016.08.29"]
[SourceQuality "1"]

1. e4 c5 2. Bc4 Nc6 3. c3 Nf6 4. Qe2 e5 5. d3 d6 6. Nf3 Be7 7. Nbd2 0-0 8. Bb3 Be6 9. Bc2 h6 10. 0-0 a6 11. Rd1 Nh7 12. Nf1 Ng5 13. Nxg5 Bxg5 14. Ne3 d5 15. exd5 Bxd5 16. Nxd5 Bxc1 17. Bb3 Bg5 18. Ne3 Bxe3 19. Qxe3 Qd6 20. Rac1 Rad8 21. Re1 Rd7 22. Qf3 Rfd8 23. Re3 Qg6 24. Qg3 Qxg3 25. hxg3 Kf8 26. Kh2 1/2-1/2

[Event "Niederbayernliga 1415"]
[Site "Bayern"]
[Date "2015.04.12"]
[Round "9.2"]
[White "Schultes, Christoph"]
[Black "Wimmer, Martin1111"]
[Result "1/2-1/2"]
[WhiteElo "1958"]
[BlackElo "1949"]
[PlyCount "24"]
[EventDate "2014.10.19"]
[EventType "team-tourn"]
[EventRounds "9"]
[EventCountry "GER"]
[SourceTitle "EXT 2023"]
[Source "ChessBase"]
[SourceDate "2022.10.05"]
[SourceVersion "1"]
[SourceVersionDate "2022.10.05"]
[SourceQuality "1"]
[WhiteTeam "Landau Dingolfing"]
[BlackTeam "Schaibing"]
[WhiteTeamCountry "GER"]
[BlackTeamCountry "GER"]

1. d4 Nf6 2. Nf3 e6 3. c4 d5 4. g3 Be7 5. Bg2 0-0 6. 0-0 Nbd7 7. Qc2 c6 8. Nbd2 Re8 9. b3 a5 10. Bb2 a4 11. e4 dxe4 12. Nxe4 Qc7 1/2-1/2

[Event "Regionalliga SO 1314"]
[Site "Bayern"]
[Date "2014.04.06"]
[Round "9.3"]
[White "Tuchenhagen, Axel"]
[Black "Schultes, Christoph"]
[Result "1-0"]
[WhiteElo "2076"]
[BlackElo "1915"]
[PlyCount "69"]
[EventDate "2013.10.13"]
[EventType "team-tourn"]
[EventRounds "9"]
[EventCountry "GER"]
[SourceTitle "EXT 2015"]
[Source "ChessBase"]
[SourceDate "2014.11.20"]
[SourceVersion "1"]
[SourceVersionDate "2014.11.20"]
[SourceQuality "1"]
[WhiteTeam "Starnberger See"]
[BlackTeam "Landau Dingolfing"]
[WhiteTeamCountry "GER"]
[BlackTeamCountry "GER"]

1. d4 Nf6 2. c4 c5 3. d5 b5 4. Nf3 g6 5. Nbd2 Bg7 6. e4 bxc4 7. Bxc4 d6 8. 0-0 0-0 9. Re1 Bb7 10. Rb1 Nbd7 11. h3 Qc7 12. b3 Nb6 13. Bb2 Nfd7 14. Bxg7 Kxg7 15. Qc2 Nxc4 16. bxc4 Rfb8 17. Qc3+ Kg8 18. Rb3 f6 19. Reb1 Ba6 20. Ne1 Nb6 21. Nd3 Rf8 22. f4 Qd7 23. Ra3 Bb7 24. Ra5 Rfb8 25. Qa3 Nc8 26. Rab5 a6 27. R5b3 Ra7 28. Qb2 Qa4 29. e5 f5 30. exd6 Nxd6 31. Nxc5 Qa5 32. Ne6 Kf7 33. Qg7+ Ke8 34. Qf8+ Kd7 35. Qxb8 1-0

[Event "Regionalliga SO 1314"]
[Site "Bayern"]
[Date "2014.02.09"]
[Round "6.3"]
[White "Schultes, Christoph"]
[Black "Moser, Wolfgang"]
[Result "0-1"]
[WhiteElo "1915"]
[BlackElo "2033"]
[PlyCount "62"]
[EventDate "2013.10.13"]
[EventType "team-tourn"]
[EventRounds "9"]
[EventCountry "GER"]
[SourceTitle "EXT 2015"]
[Source "ChessBase"]
[SourceDate "2014.11.20"]
[SourceVersion "1"]
[SourceVersionDate "2014.11.20"]
[SourceQuality "1"]
[WhiteTeam "Landau Dingolfing"]
[BlackTeam "Trostberg"]
[WhiteTeamCountry "GER"]
[BlackTeamCountry "GER"]

1. d4 Nf6 2. c4 e5 3. dxe5 Ng4 4. Bf4 g5 5. Bg3 Nc6 6. Nf3 Bg7 7. Nc3 Ngxe5 8. Nxe5 Nxe5 9. e4 d6 10. Be2 Be6 11. Qb3 0-0 12. 0-0 c6 13. Rfd1 Qe7 14. Qb4 Rfd8 15. Rac1 Rd7 16. b3 Rad8 17. f3 h5 18. Bf2 b6 19. Rc2 Ng6 20. Bf1 g4 21. Ne2 Be5 22. Bg3 gxf3 23. gxf3 Qf6 24. Bg2 h4 25. Bxe5 dxe5 26. Rxd7 Rxd7 27. Kf2 Nf4 28. Qc3 Rd3 29. Qe1 Nxg2 30. Kxg2 Qxf3+ 31. Kg1 Bh3 0-1

[Event "Regionalliga SO 1314"]
[Site "Bayern"]
[Date "2014.01.19"]
[Round "5.3"]
[White "Hauschild, Helmut"]
[Black "Schultes, Christoph"]
[Result "1-0"]
[WhiteElo "2150"]
[BlackElo "1915"]
[PlyCount "47"]
[EventDate "2013.10.13"]
[EventType "team-tourn"]
[EventRounds "9"]
[EventCountry "GER"]
[SourceTitle "EXT 2015"]
[Source "ChessBase"]
[SourceDate "2014.11.20"]
[SourceVersion "1"]
[SourceVersionDate "2014.11.20"]
[SourceQuality "1"]
[WhiteTeam "Waldkraiburg"]
[BlackTeam "Landau Dingolfing"]
[WhiteTeamCountry "GER"]
[BlackTeamCountry "GER"]

1. e4 c5 2. d3 Nc6 3. g3 g6 4. Bg2 Bg7 5. f4 d6 6. Nf3 e6 7. 0-0 Nge7 8. c3 0-0 9. Be3 Rb8 10. Bf2 b6 11. Nbd2 d5 12. e5 Ba6 13. Qc2 Qd7 14. Rad1 Rbd8 15. Rfe1 Rfe8 16. a3 Qc8 17. g4 Qb8 18. Nf1 Bc8 19. Bh4 Rf8 20. Bf6 Bd7 21. Qf2 Rde8 22. Qh4 Kh8 23. Qh6 Bxf6 24. exf6 1-0

[Event "Regionalliga SO 1314"]
[Site "Bayern"]
[Date "2013.11.10"]
[Round "2.2"]
[White "Schultes, Christoph"]
[Black "Uhlmann, Helge"]
[Result "0-1"]
[WhiteElo "1915"]
[BlackElo "2086"]
[PlyCount "72"]
[EventDate "2013.10.13"]
[EventType "team-tourn"]
[EventRounds "9"]
[EventCountry "GER"]
[SourceTitle "EXT 2015"]
[Source "ChessBase"]
[SourceDate "2014.11.20"]
[SourceVersion "1"]
[SourceVersionDate "2014.11.20"]
[SourceQuality "1"]
[WhiteTeam "Landau Dingolfing"]
[BlackTeam "Graefelfing"]
[WhiteTeamCountry "GER"]
[BlackTeamCountry "GER"]

1. d4 Nf6 2. c4 c5 3. d5 d6 4. Nc3 g6 5. Nf3 Bg7 6. e4 0-0 7. Be2 Na6 8. 0-0 Nc7 9. h3 e5 10. Bg5 h6 11. Be3 a6 12. a4 Rb8 13. Nd2 Nh7 14. f4 exf4 15. Bxf4 f5 16. Bh2 Ne8 17. Bd3 Qh4 18. Nf3 Qe7 19. exf5 Bxf5 20. Bxf5 Rxf5 21. Re1 Qf7 22. Qe2 Ng5 23. Nxg5 hxg5 24. Ne4 Qe7 25. Nxd6 Qxe2 26. Rxe2 Nxd6 27. Bxd6 Rd8 28. Be7 Rd7 29. Rae1 b5 30. b3 bxc4 31. bxc4 Bc3 32. Rb1 Bd4+ 33. Kh1 g4 34. h4 g3 35. Rd1 Rxe7 36. Rxe7 Rf4 0-1

[Event "Niederbayernliga 1213"]
[Site "Bayern"]
[Date "2013.??.??"]
[Round "6"]
[White "Schultes, Christoph"]
[Black "Stroeher, Wolfgang"]
[Result "0-1"]
[WhiteElo "1915"]
[BlackElo "1971"]
[PlyCount "156"]
[EventDate "2012.10.14"]
[EventType "team-tourn"]
[EventRounds "9"]
[EventCountry "GER"]
[SourceTitle "EXT 2023"]
[Source "ChessBase"]
[SourceDate "2022.10.05"]
[SourceVersion "1"]
[SourceVersionDate "2022.10.05"]
[SourceQuality "1"]
[WhiteTeam "Landau Dingolfing"]
[BlackTeam "Straubing SC"]
[WhiteTeamCountry "GER"]
[BlackTeamCountry "GER"]

1. d4 d5 2. Nf3 e6 3. c4 c5 4. cxd5 exd5 5. g3 Nc6 6. Bg2 Nf6 7. 0-0 Be7 8. Nc3 0-0 9. Bg5 c4 10. Ne5 Be6 11. f4 Ng4 12. Bxe7 Nxe7 13. Qd2 Nxe5 14. fxe5 Qd7 15. a4 b6 16. Nb5 a6 17. Nd6 Rab8 18. Ra3 Nc8 19. Nxc8 Rfxc8 20. Rc1 b5 21. axb5 axb5 22. Qb4 Rc7 23. Rca1 Qe7 24. Qxe7 Rxe7 25. Ra6 Rd7 26. Kf2 Kf8 27. Ke3 Ke7 28. Rc6 Rbb7 29. Raa6 b4 30. Kd2 Ra7 31. Rcb6 Rxa6 32. Rxa6 Rb7 33. Ra4 c3+ 34. bxc3 b3 35. Ra1 b2 36. Rb1 Bf5 37. e4 dxe4 38. Ke3 Rb3 39. Bxe4 Rxc3+ 40. Kf4 Bxe4 41. Kxe4 Rc2 42. h4 f6 43. exf6+ Kxf6 44. Kf4 Ke6 45. Ke4 Kd6 46. Kd3 Rg2 47. Kc4 h5 48. Kc3 Kd5 49. Rf1 Rxg3+ 50. Kxb2 Kxd4 51. Kc2 Rg2+ 52. Kd1 Ke3 53. Rf7 g6 54. Rf6 Rg1+ 55. Kc2 Ke4 56. Kd2 Rg2+ 57. Ke1 Rg4 58. Ra6 Kf3 59. Kf1 Kg3 60. Kg1 Kxh4+ 61. Kh2 g5 62. Ra3 Rb4 63. Rh3+ Kg4 64. Rg3+ Kf4 65. Ra3 g4 66. Rc3 Rb2+ 67. Kg1 g3 68. Rc4+ Kf3 69. Rc3+ Kg4 70. Rc4+ Kh3 71. Rc1 h4 72. Ra1 Rb4 73. Kf1 Kh2 74. Ra2+ Kh1 75. Ra1 Rf4+ 76. Ke2+ Kh2 77. Ke3 Rf8 78. Ra4 g2 0-1

[Event "Niederbayernliga 1213"]
[Site "Bayern"]
[Date "2012.??.??"]
[Round "4"]
[White "Bernauer, Thomas"]
[Black "Schultes, Christoph"]
[Result "1-0"]
[WhiteElo "1947"]
[BlackElo "1915"]
[PlyCount "89"]
[EventDate "2012.10.14"]
[EventType "team-tourn"]
[EventRounds "9"]
[EventCountry "GER"]
[SourceTitle "EXT 2023"]
[Source "ChessBase"]
[SourceDate "2022.10.05"]
[SourceVersion "1"]
[SourceVersionDate "2022.10.05"]
[SourceQuality "1"]
[WhiteTeam "Grafenau"]
[BlackTeam "Landau Dingolfing"]
[WhiteTeamCountry "GER"]
[BlackTeamCountry "GER"]

1. e4 c5 2. Nf3 Nc6 3. d4 cxd4 4. Nxd4 g6 5. Nc3 Bg7 6. Be3 Nf6 7. Bc4 0-0 8. Bb3 a5 9. 0-0 a4 10. Nxa4 Nxe4 11. Nb5 Ra6 12. Qe2 Nf6 13. c4 Na5 14. Rfd1 Nxb3 15. axb3 d6 16. f3 Bd7 17. Rac1 Re8 18. c5 Qa5 19. Nac3 Bxb5 20. Nxb5 d5 21. b4 Qd8 22. Qd2 Qd7 23. Nc3 e6 24. b5 Raa8 25. Ra1 Red8 26. Bd4 Qc7 27. b6 Qb8 28. Nb5 Ne8 29. Bxg7 Kxg7 30. Qd4+ f6 31. Ra7 Rxa7 32. bxa7 Qe5 33. Ra1 Ra8 34. b4 Qxd4+ 35. Nxd4 e5 36. Ne6+ Kf7 37. Nd8+ Ke7 38. Nxb7 d4 39. b5 Nc7 40. Nd6 Ne8 41. Nb7 d3 42. b6 Kd7 43. Rd1 Rc8 44. Rxd3+ Ke6 45. Nd8+ 1-0

[Event "Niederbayernliga 1112"]
[Site "Bayern"]
[Date "2012.??.??"]
[Round "7"]
[White "Kuespert, Erwin"]
[Black "Schultes, Christoph"]
[Result "1/2-1/2"]
[WhiteElo "1785"]
[BlackElo "1839"]
[PlyCount "31"]
[EventDate "2011.10.??"]
[EventType "team-tourn"]
[EventRounds "9"]
[EventCountry "GER"]
[SourceTitle "EXT 2023"]
[Source "ChessBase"]
[SourceDate "2022.10.05"]
[SourceVersion "1"]
[SourceVersionDate "2022.10.05"]
[SourceQuality "1"]
[WhiteTeam "Schaibing"]
[BlackTeam "Landau Dingolfing"]
[WhiteTeamCountry "GER"]
[BlackTeamCountry "GER"]

1. d4 Nf6 2. Nf3 d5 3. e3 e6 4. Bd3 c5 5. b3 Nbd7 6. Nbd2 Be7 7. Bb2 b6 8. 0-0 0-0 9. Ne5 Bb7 10. Qf3 Qc7 11. Qh3 h6 12. f4 Nxe5 13. fxe5 Ne4 14. Nxe4 dxe4 15. Bc4 Rad8 16. c3 1/2-1/2

[Event "Niederbayernliga 1112"]
[Site "Bayern"]
[Date "2012.??.??"]
[Round "6"]
[White "Latzel, Wolfgang"]
[Black "Schultes, Christoph"]
[Result "1/2-1/2"]
[WhiteElo "1820"]
[BlackElo "1839"]
[PlyCount "22"]
[EventDate "2011.10.??"]
[EventType "team-tourn"]
[EventRounds "9"]
[EventCountry "GER"]
[SourceTitle "EXT 2023"]
[Source "ChessBase"]
[SourceDate "2022.10.05"]
[SourceVersion "1"]
[SourceVersionDate "2022.10.05"]
[SourceQuality "1"]
[WhiteTeam "Landshut II"]
[BlackTeam "Landau Dingolfing"]
[WhiteTeamCountry "GER"]
[BlackTeamCountry "GER"]

1. e4 c5 2. Nf3 Nc6 3. d4 cxd4 4. Nxd4 g6 5. c4 Bg7 6. Be3 d6 7. Nc3 Nf6 8. Be2 0-0 9. 0-0 Bd7 10. f3 Nxd4 11. Bxd4 Bc6 1/2-1/2